| 000 | 00688nam a2200205 i 4500 | ||
|---|---|---|---|
| 001 | 85956 | ||
| 003 | ES-MaACL | ||
| 005 | 20251120142554.0 | ||
| 007 | t| | ||
| 008 | 041203s1959 sp ||||1| spa d | ||
| 100 | 1 |
_aKeller Arquiaga, Carmen. _967772 |
|
| 245 | 1 | 3 |
_aEl prematuro _b: guía y cuidado / _cCarmen Keller Arquiaga, Josefina R. Manterola ; prólogo de Bosch-Marín. |
| 260 |
_aMadrid : _b[s.n., _c1959] ( _fCanales) |
||
| 300 |
_a211 p., 9 lám. ; _c21 cm. |
||
| 650 |
_aNiños- _xSalud e higiene. _915557 |
||
| 700 | 1 |
_aManterola, Josefina R. _976160 |
|
| 700 | 1 |
_aBosch Marín, Juan, _d1902-1995 _930660 |
|
| 852 |
_aES-MaACL _jC-16196 _bR.44272 |
||
| 999 |
_c85956 _d85956 |
||